[Event "2016 South Wales International"]
[Site "Cardiff"]
[Date "2016.07.09"]
[Round "5"]
[Board "12"]
[White "Jones, Steven A"]
[Black "Davis, Lee"]
[Result "1-0"]
[WhiteElo "2186"]
[BlackElo "1946"]
[PlyCount "0"]
[EventDate "2016.07.07"]
[EventRounds "10"]
[EventCountry "WLS"]

1. e4 {[%clk 1:29:50]} g6 {[%clk 1:30:54]} 2. d4 {[%clk 1:30:03]} d6
{[%clk 1:31:20]} 3. Nc3 {[%clk 1:30:17]} Bg7 {[%clk 1:31:35]} 4. f4
{[%clk 1:30:35]} Nf6 {[%clk 1:31:59]} 5. Nf3 {[%clk 1:30:58]} O-O
{[%clk 1:32:15]} 6. e5 {[%clk 1:29:45]} dxe5 {[%clk 1:32:32]} 7. dxe5
{[%clk 1:30:07]} Qxd1+ {[%clk 1:32:32]} 8. Kxd1 {[%clk 1:30:29]} Rd8+
{[%clk 1:29:43]} 9. Ke1 {[%clk 1:30:50]} Nd5 {[%clk 1:29:48]} 10. Nxd5
{[%clk 1:26:19]} Rxd5 {[%clk 1:30:14]} 11. Bc4 {[%clk 1:25:17]} Rd8
{[%clk 1:30:21]} 12. Be3 {[%clk 1:24:57]} Bf5 {[%clk 1:29:08]} 13. c3
{[%clk 1:24:08]} Nd7 {[%clk 1:25:35]} 14. Nd4 {[%clk 1:10:47]} Nb6
{[%clk 1:25:10]} 15. Bb3 {[%clk 1:09:28]} Nd5 {[%clk 1:23:53]} 16. Nxf5
{[%clk 1:09:35]} gxf5 {[%clk 1:24:10]} 17. Bd2 {[%clk 1:07:52]} e6
{[%clk 1:24:11]} 18. Rd1 {[%clk 0:57:52]} Bf8 {[%clk 1:23:33]} 19. Ke2
{[%clk 0:56:22]} Be7 {[%clk 1:22:19]} 20. Kf3 {[%clk 0:53:21]} c6
{[%clk 1:16:11]} 21. Bc1 {[%clk 0:49:32]} Bc5 {[%clk 0:50:16]} 22. Bc2
{[%clk 0:48:40]} Bb6 {[%clk 0:48:34]} 23. a3 {[%clk 0:47:47]} Ne7
{[%clk 0:48:27]} 24. Rde1 {[%clk 0:47:48]} a5 {[%clk 0:43:39]} 25. Re2
{[%clk 0:46:56]} Kh8 {[%clk 0:41:43]} 26. h3 {[%clk 0:47:05]} Rg8
{[%clk 0:38:48]} 27. g4 {[%clk 0:47:21]} Rad8 {[%clk 0:38:14]} 28. Rg2
{[%clk 0:46:36]} Rg6 {[%clk 0:33:07]} 29. Bd2 {[%clk 0:46:14]} Rh6
{[%clk 0:31:42]} 30. Rhh2 {[%clk 0:44:20]} fxg4+ {[%clk 0:24:14]} 31. hxg4
{[%clk 0:44:32]} Rxh2 {[%clk 0:24:40]} 32. Rxh2 {[%clk 0:44:55]} Ng6
{[%clk 0:24:56]} 33. Ke4 {[%clk 0:43:57]} Bg1 {[%clk 0:24:21]} 34. Re2
{[%clk 0:43:44]} b5 {[%clk 0:23:42]} 35. Be1 {[%clk 0:43:38]} Bb6 36. f5
{[%clk 0:42:20]} exf5+ {[%clk 0:23:03]} 37. gxf5 {[%clk 0:42:47]} Nxe5
{[%clk 0:23:24]} 38. Bh4 {[%clk 0:42:14]} Re8 {[%clk 0:23:11]} 39. Bf6+
{[%clk 0:42:38]} Kg8 {[%clk 0:23:32]} 40. Rg2+ {[%clk 0:42:56]} Ng4+
{[%clk 0:23:19]} 41. Kf4 {[%clk 0:34:21]} h5 {[%clk 0:23:15]} 42. Be4
{[%clk 0:29:37]} Kh7 {[%clk 0:20:30]} 43. Bd4 {[%clk 0:29:12]} Bc7+
{[%clk 0:16:47]} 44. Kf3 {[%clk 0:29:26]} Ne5+ {[%clk 0:12:32]} 45. Bxe5
{[%clk 0:29:10]} Rxe5 {[%clk 0:09:15]} 46. f6+ {[%clk 0:29:04]} Kh6
{[%clk 0:30:14]} 47. Rg7 {[%clk 0:59:15]} Bd6 {[%clk 0:30:16]} 48. Rxf7
{[%clk 0:56:17]} Kg5 {[%clk 0:30:02]} 49. Rd7 {[%clk 0:56:33]} Re6
{[%clk 0:30:02]} 50. f7 {[%clk 0:56:24]} Rf6+ {[%clk 0:30:18]} 51. Ke3
{[%clk 0:55:35]} Bc5+ {[%clk 0:30:23]} 52. Kd3 {[%clk 0:55:26]} h4
{[%clk 0:28:45]} 53. Bxc6 {[%clk 0:53:09]} Rd6+ {[%clk 0:21:14]} 54. Rxd6
{[%clk 0:52:02]} Bxd6 {[%clk 0:21:40]} 55. Bxb5 {[%clk 0:52:24]} Kf6
{[%clk 0:20:16]} 56. Kc4 {[%clk 0:49:48]} Ke5 {[%clk 0:20:08]} 57. Bc6
{[%clk 0:49:29]} Kf6 {[%clk 0:18:01]} 58. Kb5 {[%clk 0:49:31]} Kxf7
{[%clk 0:18:20]} 59. Kxa5 {[%clk 0:49:55]} Be5 {[%clk 0:18:34]} 60. Kb6
{[%clk 0:49:48]} Ke7 {[%clk 0:18:45]} 61. a4 {[%clk 0:49:26]} Kd8
{[%clk 0:18:51]} 62. Kb7 {[%clk 0:49:35]} Bc7 {[%clk 0:18:56]} 63. b4
{[%clk 0:49:46]} Be5 {[%clk 0:19:20]} 64. a5 {[%clk 0:49:53]} Bxc3
{[%clk 0:19:40]} 65. a6 {[%clk 0:50:18]} 1-0

[Event "2016 South Wales International"]
[Site "Cardiff"]
[Date "2016.07.09"]
[Round "5"]
[Board "13"]
[White "Parry, Matthew"]
[Black "Jaunooby, Ali R"]
[Result "0-1"]
[WhiteElo "1909"]
[BlackElo "2158"]
[PlyCount "0"]
[EventDate "2016.07.07"]
[EventRounds "10"]
[EventCountry "WLS"]

1. d4 {[%clk 1:28:27]} c5 {[%clk 1:25:28]} 2. d5 {[%clk 1:28:38]} g6
{[%clk 1:25:45]} 3. c4 {[%clk 1:27:30]} e5 {[%clk 1:25:16]} 4. Nc3
{[%clk 1:27:21]} d6 {[%clk 1:25:37]} 5. e4 {[%clk 1:25:52]} Bg7 {[%clk 1:25:39]}
6. Bd3 {[%clk 1:25:39]} Ne7 {[%clk 1:24:46]} 7. Nge2 {[%clk 1:22:21]} O-O
{[%clk 1:24:36]} 8. O-O {[%clk 1:21:46]} f5 {[%clk 1:24:49]} 9. f4
{[%clk 1:21:30]} Nd7 {[%clk 1:24:17]} 10. Rb1 {[%clk 1:11:09]} a6
{[%clk 1:20:03]} 11. Qe1 {[%clk 1:08:24]} exf4 {[%clk 1:18:25]} 12. exf5
{[%clk 1:01:33]} g5 {[%clk 1:18:30]} 13. Nxf4 {[%clk 0:56:10]} gxf4
{[%clk 1:05:31]} 14. Bxf4 {[%clk 0:50:05]} Ne5 {[%clk 1:05:24]} 15. Bxe5
{[%clk 0:46:42]} Bxe5 {[%clk 1:05:40]} 16. g4 {[%clk 0:46:33]} Rf7
{[%clk 1:00:44]} 17. h4 {[%clk 0:42:34]} h5 {[%clk 0:59:22]} 18. f6
{[%clk 0:39:16]} Bxf6 {[%clk 0:58:21]} 19. g5 {[%clk 0:39:16]} Bd4+
{[%clk 0:56:48]} 20. Kg2 {[%clk 0:36:13]} Nf5 {[%clk 0:55:54]} 21. Bxf5
{[%clk 0:35:36]} Rxf5 {[%clk 0:55:33]} 22. Qe2 {[%clk 0:34:21]} Qd7
{[%clk 0:50:19]} 23. Rxf5 {[%clk 0:32:40]} Qxf5 {[%clk 0:50:42]} 24. Qe8+
{[%clk 0:33:06]} Kg7 {[%clk 0:50:54]} 25. Qe7+ {[%clk 0:33:14]} Qf7
{[%clk 0:51:07]} 26. Qxf7+ {[%clk 0:28:13]} Kxf7 {[%clk 0:51:30]} 27. Rf1+
{[%clk 0:28:19]} Kg7 {[%clk 0:47:53]} 28. Ne4 {[%clk 0:28:16]} Be5
{[%clk 0:48:09]} 29. Nf6 {[%clk 0:27:59]} Kg6 {[%clk 0:48:24]} 30. Ng8
{[%clk 0:27:22]} Bh3+ {[%clk 0:47:57]} 31. Kxh3 {[%clk 0:27:43]} Rxg8
{[%clk 0:48:26]} 32. Rf3 {[%clk 0:27:29]} b5 {[%clk 0:48:08]} 33. cxb5
{[%clk 0:27:46]} axb5 {[%clk 0:48:29]} 34. Rb3 {[%clk 0:28:08]} Rf8
{[%clk 0:48:02]} 35. Rxb5 {[%clk 0:28:10]} Rf2 {[%clk 0:48:22]} 36. a3
{[%clk 0:28:24]} Rh2# 0-1

[Event "2016 South Wales International"]
[Site "Cardiff"]
[Date "2016.07.09"]
[Round "5"]
[Board "14"]
[White "Ivekovic, Tihana"]
[Black "Wagner, Guy"]
[Result "1/2-1/2"]
[WhiteElo "2129"]
[BlackElo "1817"]
[PlyCount "0"]
[EventDate "2016.07.07"]
[EventRounds "10"]
[EventCountry "WLS"]

1. d4 {[%clk 1:30:58]} e6 {[%clk 1:30:54]} 2. Nc3 {[%clk 1:30:47]} d5
{[%clk 1:31:09]} 3. Nf3 {[%clk 1:31:12]} Nf6 {[%clk 1:31:11]} 4. Bg5
{[%clk 1:31:37]} Bb4 {[%clk 1:30:14]} 5. e3 {[%clk 1:26:02]} c5 {[%clk 1:29:03]}
6. Bb5+ {[%clk 1:25:48]} Bd7 {[%clk 1:28:59]} 7. Bxd7+ {[%clk 1:24:33]} Nbxd7
{[%clk 1:29:00]} 8. O-O {[%clk 1:24:02]} Qa5 {[%clk 1:28:33]} 9. Ne2
{[%clk 1:22:59]} c4 {[%clk 1:27:08]} 10. Bf4 {[%clk 1:22:20]} Ne4
{[%clk 1:25:13]} 11. c3 {[%clk 1:20:57]} Be7 {[%clk 1:24:00]} 12. Nd2
{[%clk 1:18:56]} Nxd2 {[%clk 1:06:24]} 13. Qxd2 {[%clk 1:19:16]} b5
{[%clk 1:06:26]} 14. f3 {[%clk 1:19:26]} Nb6 {[%clk 0:58:04]} 15. e4
{[%clk 1:13:09]} h6 {[%clk 0:54:02]} 16. a3 {[%clk 1:06:50]} Qa6 {[%clk 0:53:21]}
17. Be3 {[%clk 1:06:21]} Qb7 {[%clk 0:53:14]} 18. e5 {[%clk 1:06:44]} h5
{[%clk 0:52:08]} 19. Bg5 {[%clk 0:59:45]} g6 {[%clk 0:51:00]} 20. h4
{[%clk 0:58:12]} a5 {[%clk 0:47:43]} 21. Kf2 {[%clk 0:48:16]} Ra7
{[%clk 0:47:48]} 22. Kg1 {[%clk 0:46:27]} Qd7 {[%clk 0:42:08]} 23. Ra2
{[%clk 0:44:11]} Nc8 {[%clk 0:41:02]} 24. Rfa1 {[%clk 0:33:51]} Rb7
{[%clk 0:38:34]} 25. Kf1 {[%clk 0:31:09]} 1/2-1/2

[Event "2016 South Wales International"]
[Site "Cardiff"]
[Date "2016.07.09"]
[Round "5"]
[Board "15"]
[White "Mccarthy, Damian"]
[Black "Bullen, Alex"]
[Result "1/2-1/2"]
[WhiteElo "1878"]
[BlackElo "2045"]
[PlyCount "0"]
[EventDate "2016.07.07"]
[EventRounds "10"]
[EventCountry "WLS"]

1. e4 {[%clk 1:29:51]} c6 {[%clk 1:30:56]} 2. d4 {[%clk 1:30:11]} d5
{[%clk 1:31:21]} 3. e5 {[%clk 1:30:20]} Bf5 {[%clk 1:31:44]} 4. Nc3
{[%clk 1:30:41]} e6 {[%clk 1:32:07]} 5. g4 {[%clk 1:31:04]} Bg6 {[%clk 1:32:34]}
6. Nge2 {[%clk 1:31:27]} c5 {[%clk 1:32:52]} 7. h4 {[%clk 1:31:49]} h5
{[%clk 1:33:19]} 8. Nf4 {[%clk 1:32:06]} Bh7 {[%clk 1:33:43]} 9. Nxh5
{[%clk 1:32:20]} Nc6 {[%clk 1:34:02]} 10. Bb5 {[%clk 1:23:57]} cxd4
{[%clk 1:30:04]} 11. Qxd4 {[%clk 1:21:26]} a6 {[%clk 1:25:10]} 12. Bxc6+
{[%clk 1:19:34]} bxc6 {[%clk 1:25:32]} 13. Bg5 {[%clk 1:15:13]} Qa5
{[%clk 1:19:52]} 14. O-O-O {[%clk 0:51:57]} Rb8 {[%clk 1:09:02]} 15. Qa7
{[%clk 0:29:40]} Qb4 {[%clk 1:07:41]} 16. b3 {[%clk 0:26:37]} Ne7
{[%clk 0:43:21]} 17. Nxg7+ {[%clk 0:22:40]} Bxg7 {[%clk 0:43:18]} 18. Bxe7
{[%clk 0:22:43]} Qf4+ {[%clk 0:32:37]} 19. Kb1 {[%clk 0:19:37]} Bxe5
{[%clk 0:31:26]} 20. Bg5 {[%clk 0:19:02]} Qb4 {[%clk 0:31:32]} 21. Na4
{[%clk 0:11:51]} O-O {[%clk 0:23:09]} 22. Qe3 {[%clk 0:10:02]} Bg7
{[%clk 0:23:29]} 23. Nb2 {[%clk 0:09:40]} c5 {[%clk 0:19:43]} 24. Bh6
{[%clk 0:09:33]} Bxh6 {[%clk 0:13:59]} 25. Qxh6 {[%clk 0:09:51]} Qe4
{[%clk 0:14:10]} 26. Qg5+ {[%clk 0:09:34]} Kh8 {[%clk 0:14:25]} 27. Qf6+
{[%clk 0:09:43]} Kg8 {[%clk 0:14:52]} 28. Qg5+ {[%clk 0:10:05]} Kh8
{[%clk 0:15:16]} 29. Qf6+ {[%clk 0:08:02]} Kg8 {[%clk 0:15:44]} 30. Qg5+ 1/2-1/2

[Event "2016 South Wales International"]
[Site "Cardiff"]
[Date "2016.07.09"]
[Round "5"]
[Board "16"]
[White "Rodriguez, Juan Talavera"]
[Black "Sigurdsson, Birkir Karl"]
[Result "1/2-1/2"]
[WhiteElo "2020"]
[BlackElo "1883"]
[PlyCount "0"]
[EventDate "2016.07.07"]
[EventRounds "10"]
[EventCountry "WLS"]

1. e4 {[%clk 1:30:59]} e5 {[%clk 1:30:24]} 2. Nf3 {[%clk 1:31:24]} Nc6
{[%clk 1:30:48]} 3. Bb5 {[%clk 1:31:51]} a6 {[%clk 1:31:04]} 4. Ba4
{[%clk 1:32:20]} Nf6 {[%clk 1:31:25]} 5. O-O {[%clk 1:32:46]} Be7
{[%clk 1:31:29]} 6. d3 {[%clk 1:32:56]} b5 {[%clk 1:29:35]} 7. Bb3
{[%clk 1:33:17]} d6 {[%clk 1:29:59]} 8. a3 {[%clk 1:33:00]} Bg4 {[%clk 1:29:57]}
9. Nbd2 {[%clk 1:28:11]} Nd4 {[%clk 1:29:17]} 10. Ba2 {[%clk 1:28:26]} c5
{[%clk 1:28:20]} 11. c3 {[%clk 1:28:11]} Nxf3+ {[%clk 1:28:34]} 12. Nxf3
{[%clk 1:28:36]} O-O {[%clk 1:28:51]} 13. h3 {[%clk 1:28:02]} Bh5
{[%clk 1:29:11]} 14. g4 {[%clk 1:26:44]} Bg6 {[%clk 1:28:51]} 15. Nh4 Rc8 16.
Nxg6 {[%clk 1:19:41]} hxg6 {[%clk 1:24:18]} 17. Qe2 {[%clk 1:19:47]} Qc7
{[%clk 1:23:33]} 18. Be3 {[%clk 1:19:04]} Rfd8 {[%clk 1:22:46]} 19. f4
{[%clk 1:17:38]} exf4 {[%clk 1:22:26]} 20. Bxf4 {[%clk 1:17:39]} c4
{[%clk 1:22:21]} 21. d4 {[%clk 1:17:22]} Qd7 {[%clk 1:19:13]} 22. d5
{[%clk 1:11:47]} Re8 {[%clk 1:17:38]} 23. Qf3 {[%clk 1:11:35]} Bd8 24. Rae1
{[%clk 1:10:25]} a5 {[%clk 1:11:35]} 25. Bb1 Qe7 {[%clk 1:05:51]} 26. Kh1
{[%clk 1:05:19]} Nxd5 {[%clk 1:01:39]} 27. Bxd6 {[%clk 1:04:52]} Qxd6
{[%clk 0:57:59]} 28. Qxf7+ {[%clk 1:04:41]} Kh7 {[%clk 0:58:20]} 29. Qxe8
{[%clk 0:54:43]} Qg3 {[%clk 0:58:41]} 30. Re2 {[%clk 0:54:47]} Qxh3+
{[%clk 0:58:13]} 31. Rh2 {[%clk 0:50:21]} Qxh2+ {[%clk 0:58:39]} 32. Kxh2
{[%clk 0:50:47]} Bc7+ {[%clk 0:59:06]} 33. Kg2 {[%clk 0:45:58]} Rxe8
{[%clk 0:59:33]} 34. exd5 {[%clk 0:46:07]} Bb6 {[%clk 0:59:54]} 35. Rh1+
{[%clk 0:37:40]} Kg8 {[%clk 1:00:12]} 36. Bxg6 {[%clk 0:38:06]} Re2+
{[%clk 0:59:59]} 37. Kf3 {[%clk 0:38:24]} Rf2+ {[%clk 0:57:36]} 38. Ke4
{[%clk 0:38:10]} Rxb2 {[%clk 0:57:30]} 39. d6 {[%clk 0:33:57]} Rd2
{[%clk 0:56:40]} 40. Ke5 {[%clk 0:34:07]} Bc5 {[%clk 0:57:08]} 41. Bh7+
{[%clk 0:32:57]} Kf7 {[%clk 0:55:24]} 42. Rf1+ {[%clk 0:33:09]} Ke8
{[%clk 0:55:37]} 43. Bg6+ {[%clk 0:33:15]} Kd7 {[%clk 0:55:00]} 44. Rf7+
{[%clk 0:32:42]} Kc6 {[%clk 0:54:32]} 45. Be4+ {[%clk 0:32:45]} Kb6
{[%clk 0:54:46]} 46. d7 {[%clk 0:32:13]} Kc7 {[%clk 0:54:56]} 47. Rxg7
{[%clk 0:22:24]} Rxd7 {[%clk 0:54:03]} 48. Rxd7+ {[%clk 0:22:41]} Kxd7
{[%clk 0:54:31]} 49. a4 {[%clk 0:22:57]} bxa4 {[%clk 0:49:03]} 50. g5
{[%clk 0:19:39]} a3 {[%clk 0:49:00]} 51. Bb1 {[%clk 0:19:57]} Ke7
{[%clk 0:48:40]} 52. g6 {[%clk 0:16:57]} Bb4 {[%clk 0:46:46]} 53. Kd4
{[%clk 0:16:59]} Kf6 {[%clk 0:46:34]} 54. Kxc4 {[%clk 0:17:09]} Bxc3
{[%clk 0:46:49]} 1/2-1/2

[Event "2016 South Wales International"]
[Site "Cardiff"]
[Date "2016.07.09"]
[Round "5"]
[Board "17"]
[White "Higgs, Joshua"]
[Black "Wilson, Matthew R"]
[Result "1/2-1/2"]
[WhiteElo "2003"]
[BlackElo "1772"]
[PlyCount "135"]
[EventDate "2016.07.07"]
[EventRounds "10"]
[EventCountry "WLS"]

1. e4 c5 2. Nf3 e6 3. c3 d5 4. exd5 exd5 5. d4 Nf6 6. Bg5 cxd4 7. Nxd4 Nc6 8.
Bb5 Bd7 9. O-O Be7 10. Bxc6 bxc6 11. Nd2 O-O 12. N2f3 h6 13. Bh4 c5 14. Nb3 Ba4
15. Qe2 Re8 16. Qa6 Bxb3 17. axb3 Ne4 18. Bxe7 Rxe7 19. Rfd1 Rb8 20. Ra3 Rb6
21. Qd3 Qb8 22. Qc2 Rbe6 23. Raa1 Nf6 24. g3 Re2 25. Rd2 Rxd2 26. Nxd2 Re2 27.
Qd3 Re7 28. Qc2 Qe8 29. Kf1 Qd7 30. Kg2 Re2 31. Qd3 Re5 32. Nf3 Re4 33. Re1
Rxe1 34. Nxe1 Qb7 35. Qc2 c4 36. bxc4 dxc4+ 37. Kg1 Qe4 38. Qxe4 Nxe4 39. Nf3
Nd6 40. Kf1 Kf8 41. Ke2 Ke7 42. Ke3 f5 43. Kd4 Ne4 44. Kxc4 Nxf2 45. Kb5 Nd1
46. Nd4 Nxb2 47. Nxf5+ Kf6 48. Ne3 Ke5 49. c4 Ke4 50. Nc2 a6+ 51. Kb4 Kd3 52.
c5 Nc4 53. c6 Nb6 54. Kc5 Na4+ 55. Kb4 Nb6 56. Ka5 Nc4+ 57. Kxa6 Kxc2 58. c7
Nd6 59. Kb6 Kd3 60. Kc6 Nc8 61. Kd7 Nb6+ 62. Ke6 Ke4 63. Kf7 g5 64. Kg6 g4 65.
Kxh6 Kf5 66. Kh5 Nc8 67. Kh4 Nd6 68. h3 1/2-1/2

[Event "2016 South Wales International"]
[Site "Cardiff"]
[Date "2016.07.09"]
[Round "5"]
[Board "18"]
[White "Morcom, Huw"]
[Black "Thomas, Roy"]
[Result "1-0"]
[WhiteElo "1952"]
[BlackElo "1751"]
[PlyCount "83"]
[EventDate "2016.07.07"]
[EventRounds "10"]
[EventCountry "WLS"]

1. e4 c5 2. Nf3 Nc6 3. Bb5 e6 4. O-O Nf6 5. Re1 Be7 6. c3 O-O 7. Bf1 d5 8. e5
Nd7 9. d4 a6 10. a3 b5 11. Bd3 Re8 12. Nbd2 Nf8 13. Nf1 f5 14. exf6 Bxf6 15.
Ne5 Nxe5 16. dxe5 Bg5 17. Qh5 Bxc1 18. Raxc1 Re7 19. Re3 c4 20. Bc2 d4 21. cxd4
Qxd4 22. Rd1 Qb6 23. Rh3 g6 24. Qg5 Rf7 25. Ne3 Bb7 26. Ng4 Kh8 27. Bxg6 Nxg6
28. Qxg6 Qc6 29. Nf6 Qc7 30. Qh5 Raf8 31. Rg3 Bd5 32. h3 a5 33. Qg5 Qd8 34. f3
Qb8 35. Kh2 b4 36. Rd4 bxa3 37. bxa3 Bxf3 38. Rh4 Bh5 39. Rxh5 Qd8 40. Nxh7
Qxg5 41. Nxg5+ Kg8 42. Nxe6+ 1-0

[Event "2016 South Wales International"]
[Site "Cardiff"]
[Date "2016.07.09"]
[Round "5"]
[Board "19"]
[White "James, Dai"]
[Black "O`rourke, Kevin"]
[Result "1-0"]
[WhiteElo "1926"]
[BlackElo "1367"]
[PlyCount "68"]
[EventDate "2016.07.07"]
[EventRounds "10"]
[EventCountry "WLS"]

1. f4 d5 2. Nf3 Nf6 3. g3 h6 4. Bg2 Nc6 5. d3 e6 6. O-O Bd6 7. Qe1 Bd7 8. h3
Qc8 9. Kh2 e5 10. e4 d4 11. c3 exf4 12. gxf4 Nh7 13. cxd4 g5 14. e5 Bb4 15. Nc3
gxf4 16. Bxf4 Ng5 17. Qe3 Bxh3 18. Ng1 Bxg2 19. Kxg2 Ne6 20. d5 Rg8+ 21. Bg3
Ng5 22. dxc6 Qe6 23. cxb7 Qc6+ 24. Kh2 Qxb7 25. Ne4 Be7 26. Nf6+ Bxf6 27. exf6+
Ne6 28. b3 O-O-O 29. Rac1 Qa6 30. Rc4 Qxa2+ 31. Rf2 Qxb3 32. Qxe6+ fxe6 33.
Rxc7+ Kb8 34. Rc3+ Ka8 1-0

[Event "2016 South Wales International"]
[Site "Cardiff"]
[Date "2016.07.09"]
[Round "5"]
[Board "20"]
[White "Gosling, Brian G E"]
[Black "Robertson, Jim"]
[Result "1-0"]
[WhiteElo "1842"]
[BlackElo "1649"]
[PlyCount "35"]
[EventDate "2016.07.07"]
[EventRounds "10"]
[EventCountry "WLS"]

1. Nf3 d5 2. g3 e6 3. Bg2 f5 4. c4 c6 5. Qc2 Nf6 6. O-O Bd6 7. d4 Ne4 8. b3 Nd7
9. Bb2 Qf6 10. Nc3 h5 11. Nxe4 fxe4 12. Nh4 g5 13. f3 gxh4 14. fxe4 Qg6 15.
cxd5 exd5 16. Rac1 Nf8 17. exd5 cxd5 18. Rxf8+ 1-0

[Event "2016 South Wales International"]
[Site "Cardiff"]
[Date "2016.07.09"]
[Round "5"]
[Board "21"]
[White "Harris, Calum"]
[Black "Bridges, Paul"]
[Result "1-0"]
[WhiteElo "1675"]
[BlackElo "1812"]
[PlyCount "113"]
[EventDate "2016.07.07"]
[EventRounds "10"]
[EventCountry "WLS"]

1. e4 c5 2. Nf3 e6 3. d4 cxd4 4. Nxd4 Nc6 5. c4 d6 6. Be2 Be7 7. Nc3 a6 8. Be3
Nf6 9. O-O O-O 10. Kh1 Nxd4 11. Qxd4 e5 12. Qd2 Bd7 13. f4 Bc6 14. Bf3 b5 15.
cxb5 axb5 16. a3 Qb8 17. b4 Qb7 18. Qd3 Rfd8 19. Nd5 Bxd5 20. exd5 Nd7 21. Rfc1
Bf6 22. Ra2 Nb6 23. Qxb5 Rdb8 24. Qxb6 Qxb6 25. Bxb6 Rxb6 26. Rac2 Rbb8 27.
fxe5 Bxe5 28. Bg4 Kf8 29. Rc8+ Ke7 30. Rxb8 Rxb8 31. Rc7+ Kf6 32. Bd7 Bb2 33.
Ra7 Ke5 34. Bc6 Kd4 35. b5 Kc5 36. a4 Kb4 37. Rxf7 Kxa4 38. b6+ Ka5 39. b7 Kb6
40. g3 h6 41. Kg2 Be5 42. Kf3 Rd8 43. Ke4 Bf6 44. Kf5 Ka7 45. Ke6 Kb8 46. h4
Be5 47. g4 Ka7 48. g5 Kb8 49. Ke7 Rh8 50. g6 Rg8 51. h5 Rh8 52. Kd7 Bf6 53.
Kxd6 Rd8+ 54. Ke6 Bd4 55. Ke7 Rg8 56. Kd7 Bf6 57. Rxf6 1-0

[Event "2016 South Wales International"]
[Site "Cardiff"]
[Date "2016.07.09"]
[Round "5"]
[Board "22"]
[White "Orton, Paul"]
[Black "Rovaretti, David"]
[Result "1-0"]
[WhiteElo "1595"]
[BlackElo "1635"]
[PlyCount "83"]
[EventDate "2016.07.07"]
[EventRounds "10"]
[EventCountry "WLS"]

1. e4 b6 2. d4 Bb7 3. Bd3 Nf6 4. Nc3 e6 5. Nf3 Bb4 6. Qe2 Bxc3+ 7. bxc3 d5 8.
Bg5 h6 9. Bxf6 Qxf6 10. e5 Qe7 11. a4 O-O 12. O-O Rc8 13. Rfb1 c5 14. Qf1 c4
15. Be2 Nc6 16. Nd2 Rf8 17. f4 f6 18. Nf3 fxe5 19. fxe5 Rf7 20. Qe1 g5 21. Qg3
Rg7 22. Nd2 Qf7 23. Rf1 Qg6 24. Rf6 Qxc2 25. Qh3 Re8 26. Rxe6 Rxe6 27. Qxe6+
Kh7 28. Bg4 Ne7 29. Qf6 Bc8 30. Bxc8 Nxc8 31. Rf1 Ne7 32. Rf2 Qc1+ 33. Nf1 Qxc3
34. Rf3 Qxd4+ 35. Kh1 Ng6 36. Ng3 Qd1+ 37. Rf1 Qg4 38. Nf5 Rc7 39. e6 c3 40. e7
Rxe7 41. Nxe7 Nxe7 42. Qxe7+ 1-0

[Event "2016 South Wales International"]
[Site "Cardiff"]
[Date "2016.07.09"]
[Round "5"]
[Board "23"]
[White "Lutchman Singh, Aishwarya"]
[Black "Hurn, Robert Aj"]
[Result "0-1"]
[WhiteElo "1443"]
[BlackElo "1623"]
[PlyCount "62"]
[EventDate "2016.07.07"]
[EventRounds "10"]
[EventCountry "WLS"]

1. d4 Nf6 2. Nf3 c5 3. c3 e6 4. Bf4 Nc6 5. e3 d5 6. Nbd2 Be7 7. Ne5 O-O 8. h4
Nxe5 9. dxe5 Ne8 10. Qc2 f5 11. h5 Bd7 12. Be2 Bc6 13. Rg1 Bg5 14. Nf3 Bxf4 15.
exf4 Qe7 16. g4 Rd8 17. gxf5 exf5 18. Bd3 Bd7 19. Rg5 Nd6 20. O-O-O Ne4 21. Rg2
Kh8 22. Rdg1 Rg8 23. Ng5 c4 24. Bxe4 dxe4 25. Qe2 b5 26. Rg3 h6 27. Nh3 Be8 28.
Rh1 Rd3 29. Rhg1 Qd7 30. Qf1 Bxh5 31. Rh1 Rd1+ 0-1

[Event "2016 South Wales International"]
[Site "Cardiff"]
[Date "2016.07.09"]
[Round "5"]
[Board "24"]
[White "Sivarajasingam, Shayanna"]
[Black "Chung, Ethan Cheung Jing"]
[Result "1-0"]
[WhiteElo "1622"]
[BlackElo "1322"]
[PlyCount "131"]
[EventDate "2016.07.07"]
[EventRounds "10"]
[EventCountry "WLS"]

1. e4 e6 2. d4 d5 3. e5 c5 4. c3 Qb6 5. Nf3 Nc6 6. a3 Bd7 7. b4 c4 8. a4 Qc7 9.
Be2 a6 10. O-O f6 11. Re1 O-O-O 12. Bf1 Nge7 13. Qe2 f5 14. Qb2 Nb8 15. Ng5 Re8
16. Nf7 Rg8 17. Nd6+ Kd8 18. Nxe8 Bxe8 19. b5 a5 20. Qd2 g5 21. Ba3 f4 22. Bd6
Qc8 23. Be2 Nf5 24. Bxf8 Rxf8 25. Na3 h5 26. Nc2 Qd7 27. g3 Qg7 28. Kh1 fxg3
29. fxg3 Qg6 30. Rf1 g4 31. Rad1 h4 32. Kg2 h3+ 33. Kg1 Nd7 34. Ne3 Nb6 35.
Nxf5 Rxf5 36. Rxf5 Qxf5 37. Ra1 Bg6 38. Qf4 Qxf4 39. gxf4 Bf5 40. Kf2 Ke8 41.
Kg3 Kf7 42. Bxg4 Bxg4 43. Kxg4 Kg6 44. Ra2 Nd7 45. Rf2 Nb6 46. Ra2 Nd7 47. Ra3
Nb6 48. Ra1 Nd7 49. Kf3 Nb6 50. Rg1+ Kh5 51. Ra1 Nd7 52. f5 exf5 53. Kf4 Kg6
54. Rg1+ Kf7 55. Kxf5 Nb6 56. Ra1 Nc8 57. Kg4 Ke6 58. Rf1 Ke7 59. Kxh3 Nb6 60.
Ra1 Nd7 61. Kg4 Ke6 62. h4 Nf8 63. Rf1 Nh7 64. h5 Ke7 65. Kf5 Nf8 66. h6 1-0

[Event "2016 South Wales International"]
[Site "Cardiff"]
[Date "2016.07.09"]
[Round "5"]
[Board "25"]
[White "Jones, Jeremy"]
[Black "Calist, Aron"]
[Result "1-0"]
[WhiteElo "1595"]
[BlackElo "1500"]
[PlyCount "77"]
[EventDate "2016.07.07"]
[EventRounds "10"]
[EventCountry "WLS"]

1. e4 c5 2. Nf3 Nc6 3. c3 d5 4. e5 g6 5. d4 cxd4 6. cxd4 Bg4 7. Be3 Qb6 8. Qd2
e6 9. a3 Nge7 10. Nc3 Nf5 11. Na4 Qc7 12. Be2 Bg7 13. O-O O-O 14. Rac1 a6 15.
Nc3 Rac8 16. Ne1 Bxe2 17. Nxe2 Qe7 18. Nd3 Qh4 19. g3 Qd8 20. Nc5 Rc7 21. Rc2
Qe7 22. Rfc1 Rfc8 23. Nc3 Na5 24. Nxd5 exd5 25. Qxa5 Rc6 26. Qd2 Nxe3 27. Qxe3
b6 28. b4 bxc5 29. bxc5 Re8 30. Rb1 f6 31. f4 Bh6 32. Qb3 fxe5 33. Qxd5+ Qe6
34. Qxe6+ Rexe6 35. d5 exf4 36. dxe6 Rxe6 37. c6 Re8 38. c7 Rc8 39. Rb8 1-0